| 000 | 00699nam a2200253Ia 4500 | ||
|---|---|---|---|
| 003 | OSt | ||
| 005 | 20220918164920.0 | ||
| 006 | a|||||r|||| 00| 0 | ||
| 007 | ta | ||
| 008 | 220917b |||||||| |||| 00| 0 eng d | ||
| 020 | _a0813367506 (hbk) | ||
| 024 | _a184,803 | ||
| 037 | _cTextual | ||
| 040 |
_aARTS _cARTS _beng |
||
| 041 |
_2eng _aeng |
||
| 082 | _aV73:2.N93, N8(SC) | ||
| 100 |
_aShogan Robert _921663 |
||
| 245 | 0 |
_aFate of the union _b America's rocky road to political stalemate |
|
| 260 |
_aUSA _bWestview press _c1998 |
||
| 300 |
_axi,332p _ccm. |
||
| 650 | _aHISTORY | ||
| 942 |
_hV73:2.N93, N8(SC) _cTEXL _2CC |
||
| 999 |
_c127386 _d127386 |
||